El comercio tacnoariqueño durante la primera década de vida republicana en Perú, 1824-1936

Este artículo analiza las transformaciones experimentadas por el comercio de la región Tacna-Arica después de la independencia peruana. El aspecto más relevante de este proceso es el masivo arribo de mercaderes extranjeros, especialmente británicos, quienes intensificaron la integración de la econom...

Descripción completa

Detalles Bibliográficos
Autor principal: Rosenblitt B., Jaime
Formato: Analitica de revista
Lenguaje:español
Publicado: Santiago, Chile: Pontificia Universidad Católica de Chile. Instituto de Historia, 2010.
Materias:

MARC

LEADER 00000nab a2200000 a 4500
001 034170
003 UAHC_CL
005 20180328130017.0
008 031122s2010 cl 000 spa
952 |0 0  |1 0  |4 0  |6 HISTORIA_SANTIAGO431_10_000000000000000  |7 0  |8 COMP  |9 89453  |a BC  |b BC  |c Hemeroteca  |d 2018-03-05  |l 0  |o HISTORIA (SANTIAGO)-43(1)/10  |r 2018-03-05 00:00:00  |w 2018-03-05  |y REVA 
999 |c 50334  |d 50334 
040 |a UAHC_CL  |c UAHC_CL  |d UAHC_CL 
100 |a Rosenblitt B., Jaime  |9 2125 
245 1 3 |a El comercio tacnoariqueño durante la primera década de vida republicana en Perú, 1824-1936  |c Jaime. Rosenblitt B. 
260 |b Pontificia Universidad Católica de Chile. Instituto de Historia,  |c 2010.  |a Santiago, Chile: 
300 |a p. 79-112 
500 |a En: Historia, no. 43, vol. 1, 2010. pp. 79-112. ISSN. 00732435. 
520 |a Este artículo analiza las transformaciones experimentadas por el comercio de la región Tacna-Arica después de la independencia peruana. El aspecto más relevante de este proceso es el masivo arribo de mercaderes extranjeros, especialmente británicos, quienes intensificaron la integración de la economía regional a la economía mundial. Además, se examina la posición que ocuparon en este nuevo escenario los actores económicos provenientes del período colonial, como los mercaderes criollos y los arrieros. 
651 0 |9 2126  |a Perú   |x Comercio  |x Historia 
900 |a HISTORIA (SANTIAGO)-43(1)/10 
942 |c REVA